APPLE WORKS ,TIPS AND TRAPS (Record no. 566937)
[ view plain ]
| 000 -LEADER | |
|---|---|
| fixed length control field | 00324nam a22001217a 4500 |
| 020 ## - INTERNATIONAL STANDARD BOOK NUMBER | |
| International Standard Book Number | 0-07-88120-0E |
| 082 ## - DEWEY DECIMAL CLASSIFICATION NUMBER | |
| Classification number | 005.1 AND'A |
| 100 ## - MAIN ENTRY--PERSONAL NAME | |
| Personal name | GESSIN, JANICE M , MCBEEN, JANAT , ANDERSON, DICK |
| 9 (RLIN) | 56546 |
| 245 ## - TITLE STATEMENT | |
| Title | APPLE WORKS ,TIPS AND TRAPS |
| 260 ## - PUBLICATION, DISTRIBUTION, ETC. | |
| Place of publication, distribution, etc. | OSBORNE |
| Name of publisher, distributor, etc. | MCGRAW HILL |
| Date of publication, distribution, etc. | 1986 |
| 300 ## - PHYSICAL DESCRIPTION | |
| Extent | XII, 291P |
| 942 ## - ADDED ENTRY ELEMENTS (KOHA) | |
| Koha item type | Book |
| Withdrawn status | Lost status | Damaged status | Not for loan | Permanent Location | Current Location | Shelving location | Date acquired | Total Checkouts | Full call number | Barcode | Date last seen | Price effective from | Koha item type |
|---|---|---|---|---|---|---|---|---|---|---|---|---|---|
| College of Electrical & Mechanical Engineering (CEME) | College of Electrical & Mechanical Engineering (CEME) | General Stacks | 07/11/2017 | 005.1 AND'A | CEME-24751 | 06/28/2021 | 06/28/2021 | Book |
